|
|
|
|
| LEADER |
00000nam2a2200000 4500 |
| 001 |
264848 |
| 005 |
20231101233852.0 |
| 035 |
|
|
|a (RuTPU)RU\TPU\book\287845
|
| 035 |
|
|
|a RU\TPU\book\287844
|
| 090 |
|
|
|a 264848
|
| 100 |
|
|
|a 20140623d1988 k y0rusy5003 ca
|
| 101 |
0 |
|
|a rus
|
| 102 |
|
|
|a RU
|
| 105 |
|
|
|a a z 001zy
|
| 200 |
0 |
|
|a Вып. 31
|f под ред. В. Е. Михайленко
|
| 210 |
|
|
|d 1988
|
| 215 |
|
|
|d 22 см
|e (ил.)
|a 112 с.
|
| 461 |
|
1 |
|0 (RuTPU)RU\TPU\book\215411
|t Инженерная геодезия
|o республиканский межведомственный научно-технический сборник
|f Киевский инженерно-строительный институт
|v Вып. 31
|d 1965-1990
|
| 606 |
1 |
|
|a Инженерная геодезия
|2 stltpush
|3 (RuTPU)RU\TPU\subj\12569
|9 39332
|
| 610 |
1 |
|
|a геодезические работы
|
| 610 |
1 |
|
|a инженерные сооружения
|
| 610 |
1 |
|
|a деформация
|
| 610 |
1 |
|
|a инженерно-геодезические изыскания
|
| 610 |
1 |
|
|a разбивочные работы
|
| 610 |
1 |
|
|a точность
|
| 610 |
1 |
|
|a реки
|
| 610 |
1 |
|
|a подводный микрорельеф
|
| 610 |
1 |
|
|a промерные работы
|
| 675 |
|
|
|a 528.48
|z rus
|v 3
|
| 702 |
|
1 |
|a Михайленко
|b В. Е.
|4 340
|
| 801 |
|
0 |
|a RU
|b RuMRKP
|c 19950417
|g psbo
|
| 801 |
|
1 |
|a RU
|b 63413507
|c 20110611
|
| 801 |
|
2 |
|a RU
|b 63413507
|c 20150527
|g RCR
|
| 942 |
|
|
|c BK
|